| 000 | 00991cam a2200325 a 4500 | ||
|---|---|---|---|
| 001 | 2153 | ||
| 005 | 20250813132943.0 | ||
| 020 | _a0516216503 | ||
| 020 | _a9780516270036 | ||
| 040 |
_aDLC _cDLC _dDLC _beng |
||
| 050 | 0 | 0 |
_aPZ7.M478693 _bMe 1999 |
| 082 | 0 | 0 |
_a468 _221 |
| 100 | 1 |
_aMcKissack, Pat _d1944-2017 |
|
| 245 | 1 | 0 |
_aMessy Bessey / _cwritten by Patricia and Frederick McKissack ; illustrated by Dana Regan. |
| 250 | _a[Rev. ed.]. | ||
| 260 |
_aNew York : _bChildren's Press, _c1999. |
||
| 300 |
_a31 pages : _bIllustrations _c19 cm |
||
| 505 | _aF | ||
| 520 | _aBessey finally cleans up her messy room. | ||
| 521 |
_a330 _bLexile |
||
| 521 |
_aF _bRaz-Plus |
||
| 650 | 1 |
_aCleanliness _vFiction. |
|
| 650 | 1 |
_aOrderliness _vFiction. |
|
| 650 | 1 |
_aBehavior _vFiction. |
|
| 650 | 1 |
_aAfrican Americans _vFiction. |
|
| 700 | 1 |
_aMcKissack, Fredrick. _eCoauthor |
|
| 700 | 1 |
_aRegan, Dana, _eillustrator |
|
| 906 |
_a7 _bcbc _corignew _d1 _eocip _f19 _gy-gencatlg |
||
| 942 |
_2ddc _cBK _n0 |
||
| 999 |
_c2153 _d2153 |
||